[Event "Pfalz op-B 11th"]
[Site "Neustadt an der Weinstrasse"]
[Date "2020.02.24"]
[Round "7"]
[White "Lohmueller, Mario"]
[Black "Kuschmann, Klaus"]
[Result "0-1"]
[WhiteElo "1456"]
[BlackElo "1735"]
[PlyCount "36"]
[EventDate "2020.02.21"]
[EventType "swiss"]
[EventRounds "7"]
[EventCountry "GER"]
[SourceTitle "CBM 195 Extra"]
[Source "ChessBase"]
[SourceDate "2020.05.31"]
[SourceVersion "1"]
[SourceVersionDate "2020.05.31"]
[SourceQuality "1"]

1. e4 c6 2. Nc3 d5 3. Nf3 d4 4. Ne2 e5 5. Nxe5 Nf6 6. c3 dxc3 7. bxc3 Bd6 8. Nf3 Nxe4 9. Ng3 Bxg3 10. hxg3 0-0 11. Be2 Re8 12. Qc2 Bf5 13. Qb3 Nc5 14. Qc4 Nd3+ 15. Kf1 c5 16. Nh4 Qe7 17. Nxf5 Qxe2+ 18. Kg1 Qxf2+ 0-1